Historias sacadas de la Sagrada Escritura : destinadas a la infancia : obrita arreglada para el uso de las escuelas de España por B. J. D. de A. tomando por modelo el original francés
Saved in:
| Main Author: | |
|---|---|
| Format: | Book |
| Language: | Spanish |
| Published: |
Vitoria :
Imp., Lit. y Lib. de Ignacio de Egaña,
1853
|
| Textbook Catalogue: | MANES: Library Catalog Search Result |
| Textbook Classification: |
|
| Subjects: | |
| Online Access: | Texto completo en el Repositorio Digital de la UNED |
| Tags: |
Add Tag
No Tags, Be the first to tag this record!
|
| Added to: | 2019-02-09 |
| Changed in: | 2025-05-07 |
MARC
| LEADER | 00000cam a2200000 4500 | ||
|---|---|---|---|
| 005 | 20250507134346.0 | ||
| 008 | 190210s1853 esp p 000 0 spa d | ||
| 040 | |a uned |b spa |c entro-manes | ||
| 100 | 1 | |a Schemid, |c Canónigo |9 36507 | |
| 245 | 1 | 0 | |a Historias sacadas de la Sagrada Escritura : |b destinadas a la infancia : obrita arreglada para el uso de las escuelas de España por B. J. D. de A. tomando por modelo el original francés / |c del Canónigo Schemid, á instancia del laborioso profesor de instrucción primaria Esteban Pérez de Lazárraga, autor del pensamiento y auxiliador en los trabajos |
| 260 | |a Vitoria : |b Imp., Lit. y Lib. de Ignacio de Egaña, |c 1853 | ||
| 300 | |a 199 p. | ||
| 546 | |a España | ||
| 561 | |5 es-BUNED |3 L.T. 1506 |a España. Fondo Manes UNED |k MANES | ||
| 650 | 7 | |a Enseñanza religiosa | |
| 690 | 0 | |a RyM | |
| 691 | 0 | |a PRI | |
| 856 | 4 | 1 | |z Texto completo en el Repositorio Digital de la UNED |u http://e-spacio.uned.es/fez/view/manes:ProyectoManes-Religion-Moral-l_t_1506 |
| 911 | |a XIX PMRYM | ||
| 942 | |2 ddc |c BK | ||
| 999 | |c 92598 |d 92598 | ||
| 999 | |c manes:92598 |d 92598 | ||